Southville International School and Colleges
Your cart is empty.
  • Cart
  • Lists
    Public lists Eva Luna New books Lux_list list_1
    Your lists Log in to create your own lists
  • Log in to your account
  • Your cookies
  • Search history
Southville International School and Colleges
  • Advanced search
  • Recent comments
  • Most popular
  • Libraries

Log in to your account

Log in with GOOGLE


If you do not have an external account, but do have a local account, you can still log in:

  1. Home
  2. MARC view: I spy a scary monster :
Normal view MARC view ISBD view

I spy a scary monster : (Record no. 34527)

[ view plain ]
MARC details
000 -LEADER
fixed length control field 01249cam a22003374a 4500
001 - CONTROL NUMBER
control field 13606570
003 - CONTROL NUMBER IDENTIFIER
control field OSt
005 - DATE AND TIME OF LATEST TRANSACTION
control field 20140310184447.0
008 - FIXED-LENGTH DATA ELEMENTS--GENERAL INFORMATION
fixed length control field 040526s2004 nyua j 000 0 eng
010 ## - LIBRARY OF CONGRESS CONTROL NUMBER
LC control number 2004012559
020 ## - INTERNATIONAL STANDARD BOOK NUMBER
International Standard Book Number 0439680549
035 ## - SYSTEM CONTROL NUMBER
System control number (OCoLC)ocm55588977
040 ## - CATALOGING SOURCE
Original cataloging agency DLC
Transcribing agency DLC
Modifying agency OCLCQ
-- BAKER
-- VPL
-- OCLCQ
-- EHH
-- DLC
042 ## - AUTHENTICATION CODE
Authentication code pcc
050 00 - LIBRARY OF CONGRESS CALL NUMBER
Classification number GV 1507.P47
Item number .M29 2004
100 1# - MAIN ENTRY--PERSONAL NAME
Personal name Marzollo, Jean.
9 (RLIN) 6141
245 10 - TITLE STATEMENT
Title I spy a scary monster :
Remainder of title riddles /
Statement of responsibility, etc by Jean Marzollo ; photographs by Walter Wick.
260 ## - PUBLICATION, DISTRIBUTION, ETC. (IMPRINT)
Place of publication, distribution, etc New York :
Name of publisher, distributor, etc Scholastic,
Date of publication, distribution, etc c2004.
300 ## - PHYSICAL DESCRIPTION
Extent [30] p. :
Other physical details col. ill. ;
Dimensions 23 cm.
440 #0 - SERIES STATEMENT/ADDED ENTRY--TITLE
Title Scholastic reader.
Number of part/section of a work Level 1
9 (RLIN) 27803
520 ## - SUMMARY, ETC.
Summary, etc Easy to read sentences along with pictures to aid reader to find the clues as they play I Spy.
521 ## - TARGET AUDIENCE NOTE
Target audience note
526 ## - STUDY PROGRAM INFORMATION NOTE
Reading level 250
650 #0 - SUBJECT ADDED ENTRY--TOPICAL TERM
Topical term or geographic name as entry element Picture puzzles
Form subdivision Juvenile literature.
9 (RLIN) 27804
700 1# - ADDED ENTRY--PERSONAL NAME
Personal name Wick, Walter,
Dates associated with a name 1953-
Relator term ill
9 (RLIN) 27805
856 42 - ELECTRONIC LOCATION AND ACCESS
Materials specified Publisher description
Uniform Resource Identifier <a href="http://www.loc.gov/catdir/enhancements/fy1115/2004012559-d.html">http://www.loc.gov/catdir/enhancements/fy1115/2004012559-d.html</a>
906 ## - LOCAL DATA ELEMENT F, LDF (RLIN)
a 7
b cbc
c orignew
d 1
e ecip
f 20
g y-gencatlg
942 ## - ADDED ENTRY ELEMENTS (KOHA)
Source of classification or shelving scheme Library of Congress Classification
Koha item type
Holdings
Withdrawn status Lost status Source of classification or shelving scheme Damaged status Home library Current library Shelving location Date acquired Total Checkouts Full call number Barcode Date last seen Copy number Price effective from Koha item type
    Library of Congress Classification   Luxembourg Library Luxembourg Library Scholastic Reading Center Section 10/10/2013   GV 1507.P47 .M29 2004 LEX2924 04/18/2017 1 10/10/2013 Books

I spy a scary monster :

APA

Marzollo J., Wick W., . (2004). I spy a scary monster. New York: Scholastic.

Chicago

Marzollo Jean, Wick Walter, . 2004. I spy a scary monster. New York: Scholastic.

Harvard

Marzollo J., Wick W., . (2004). I spy a scary monster. New York: Scholastic.

MLA

Marzollo Jean, Wick Walter, . I spy a scary monster. New York: Scholastic. 2004.

  • Place hold
  • Print
  • Cite
  • Add to your cart (remove)
  • Save record
    BIBTEX Dublin Core MARCXML MARC (non-Unicode/MARC-8) MARC (Unicode/UTF-8) MARC (Unicode/UTF-8, Standard) MODS (XML) RIS
  • More searches
    Search for this title in:
    Other Libraries (WorldCat) Other Databases (Google Scholar) Online Stores (Bookfinder.com) Open Library (openlibrary.org)

Exporting to Dublin Core...

SOUTHVILLE LIBRARY

Southville International School and Colleges Library

1281 Tropical Ave. Cor. Luxembourg St., BF Homes International, Las Pinas City

Tel. No. 8256374 / 252358 Loc. 117/146

Powered by Koha